Convocatoria al poder del número censos y estadísticas de la Nueva Granada (1750-1830) (Registro nro. 65170)

Detalles MARC
000 -ENCABEZADO
Número de control [NR] 01077nam a2200265Ia 4500
008 - DE LONGITUD FIJA DE DATOS DE ELEMENTOS - INFORMACIÓN GENERAL
Elementos de longitud fija [NR] 130821s1994 ck ab gr spa
020 ## - NUMERO INTERNACIONAL NORMALIZADO PARA LIBROS [R]
Número Internacional Normalizado del libro [NR] 958929832X
040 ## - FUENTE DE CATALOGACION [NR]
Agencia de catalogación original [NR] Co-BoUCM
Idioma de catalogación [NR] spa
041 00 - CODIGO DE IDIOMA [R]
Código de idioma para texto/pista de sonido o título separado [R] Español
100 1# - ASIENTO PRINCIPAL--NOMBRE PERSONAL [NR]
Nombre personal [NR] Tovar Pinzón, Hermes
ID Autoridad 61890
245 10 - MENCION DE TITULO [NR]
Título [NR] Convocatoria al poder del número censos y estadísticas de la Nueva Granada (1750-1830)
Mención de responsabilidad, etc. [NR] Hermes Tovar Pinzón, Jorge Andres Tovar Mora, Camilo Ernesto Tovar Mora
260 ## - PUBLICACION, DISTRIBUCION, ETC. (PIE DE IMPRENTA) [R]
Lugar de publicación, distribución, etc. [R] Bogotá (Colombia)
Nombre del editor, distribuidor, etc. [R] Archivo General de la Nación
Fecha de publicación, distribución, etc. [R] 1994
300 ## - DESCRIPCION FISICA [R]
Extensión [R] 587 páginas
Otros detalles físicos [NR] ilustraciones, gráficas, mapas
490 #0 - MENCION DE SERIE [R]
Mención de serie [R] Historia
Designación numérica/secuencial del volumen [NR] 1
650 04 - ASIENTO SECUNDARIO DE MATERIA - TERMINO TEMATICO [R]
Término temático o nombre geográfico como elemento de entrada [NR] Sociología
9 (RLIN) 386
651 04 - ASIENTO SECUNDARIO DE MATERIA - NOMBRE GEOGRAFICO [R]
Nombre geográfico [NR] Colombia
Subdivisión cronológica [R] 1750-1830
Subdivisión de forma [R] Censos
9 (RLIN) 26606
651 04 - ASIENTO SECUNDARIO DE MATERIA - NOMBRE GEOGRAFICO [R]
Nombre geográfico [NR] Colombia
Subdivisión cronológica [R] 1750-1830
Subdivisión de forma [R] Estadísticas
9 (RLIN) 26606
651 04 - ASIENTO SECUNDARIO DE MATERIA - NOMBRE GEOGRAFICO [R]
Nombre geográfico [NR] Colombia
Subdivisión cronológica [R] 1750-1830
Subdivisión general [R] Población
9 (RLIN) 26606
700 1# - ASIENTO SECUNDARIO - NOMBRE PERSONAL [R]
Nombre personal [NR] Tovar Mora, Camilo Ernesto
9 (RLIN) 166390
700 1# - ASIENTO SECUNDARIO - NOMBRE PERSONAL [R]
Nombre personal [NR] Tovar Mora, Jorge Andres
9 (RLIN) 27643
700 1# - ASIENTO SECUNDARIO - NOMBRE PERSONAL [R]
Nombre personal [NR] Tovar Pinzón, Hermes
9 (RLIN) 61890
710 2# - ASIENTO SECUNDARIO - NOMBRE CORPORATIVO [R]
Nombre corporativo o de jurisdicción como elemento de entrada [NR] Archivo General de la Nación
9 (RLIN) 127332
942 ## - ELEMENTOS DE ENTRADA AGREGADOS (KOHA)
Tipo de ítem principal el descrito en 300a Libro
Tema principal Sociología
Edición 1
Parte restante de la signatura top. T736c
Sistema de clasificación DEWEY
Clasificación 318.86109033
Existencias
Fecha de último préstamo Total préstamos Total Renewals Signatura topográfica Código de barras Última vez visto Ejemplar Price effective from Tipo de ítem Perdido Sistema de clasificación Dañado No prestable Tipo de ítem específico Suprimido Ubicación habitual Ubicación actual Localización Fecha de creación Forma de adquisición Costo
09/04/2025 12 7 318.86109033 T736c 100114270 10/12/2025 Ej.1 03/02/2013 Libro   DEWEY     Libro   Claustro Claustro 2do piso 28/02/2011 Compra 145800.00